| 000 | 00383nam a2200145 a 4500 | ||
|---|---|---|---|
| 005 | 20141022142002.0 | ||
| 008 | 120307s19uu xx 00 eng d | ||
| 050 |
_aCD _bP85 2001 |
||
| 100 | _aPotter, Patricia | ||
| 245 |
_aFundamentals of nursing / _cPatricia Potter, Anne Griffin Perry. |
||
| 250 | _a5th ed. | ||
| 260 | _c2001. | ||
| 700 | _aPerry, Anne Griffin | ||
| 942 | _cAVM | ||
| 999 |
_c276358 _d276358 |
||